000 00427nmm a2200157Ia 4500
008 251105s9999||||xx |||||||||||||||||und||
041 _aspa
100 _aHill, Gerri
245 2 _aA su manera
264 _a[Madrid, España] :
_bEditorial Egales,
_c2018
300 _a480 páginas
490 _aNarrativa
650 _aNorth American narrative
856 _uhttps://public.digitaliapublishing.com/a/175329
942 _cCF
999 _c100147
_d100147